• 首页
  • 本馆介绍
  • 公告通知
  • 最新文献
  • 馆藏检索
  • 电子资源
  • 读者导购
  • 参考咨询
  • 我的图书馆
  • 登录
  • 详细信息显示
  • 放入我的书架
  • 预约/预借图书
  • 作者相关作品
  • 分类相关作品
  • 丛书相关作品
  • 出版社相关作品

书目信息

  • 表格格式
  • 工作单格式
  • 卡片格式
题名:
怎样修理晶体管收音机
    
 
作者: 陈达斌 , 顾灿槐 编
分册:  
出版信息: 北京   人民邮电出版社  1974
页数: 246页
开本: 19cm
丛书名:
单 册:
中图分类: TN854
科图分类:
主题词: 晶体管接收机--维修
电子资源:
ISBN:
000 00697nam0 2200241 45
001 0183005070
005 20060927151421.23
010    @dCNY0.58
091    @a15045.总2008-无604
100    @a19950630d1974 em y0chiy0121 ea
101 0  @achi
102    @aCN@b110000
105    @ay z 000yy
200 10 @a怎样修理晶体管收音机@Azen yang xiu li jing ti guan shou yin ji@f顾灿槐,陈达斌编
210    @a北京@c人民邮电出版社@d1974
215    @a246页@d19cm
606    @a晶体管接收机@x维修
690    @aTN854@v3 
701  0 @a陈达斌@Achen da bin@4编
701  0 @a顾灿槐@Agu can huai@4编
801  2 @aCN@bNLC@c20060927
801  0 @aCN@b上海图书馆@c20060804
905    @f1@b33252@f1@b9854@dTN854@e16
    
    怎样修理晶体管收音机/顾灿槐,陈达斌编.-北京:人民邮电出版社,1974
    246页;19cm
    
    
    ISBN :CNY0.58
    
●
相关链接 在E读中查询图书 在五车中查询图书 在当当中查询图书 在豆瓣中查询图书


正题名:怎样修理晶体管收音机     索取号:TN854/16         预约/预借

序号 登录号 条形码 馆藏地/架位号 状态 备注
1 0005913   001321750   第三借阅区/ [索取号:TN854/16] 在馆    
2 0009854   001322330   第二样本阅览室/ [索取号:TN854/16] 在馆    
3 0033252   001322349   第三借阅区/ [索取号:TN854/16] 在馆    
4 0422921   204229218   密集书库/ [索取号:TN854/16] 在馆    
5 0437360   204373604   密集书库/ [索取号:TN854/16] 在馆    
6 0439717   204397170   密集书库/ [索取号:TN854/16] 在馆    
唐山师范学院图书馆 欢迎您!
大连网信软件有限公司© 版权所有